000 01367nam a2200361 i 4500
001 13731
003 KOSZ 005
005 20230209101648.0
008 960606s1971 pl f |100 0 pol d
040 _cKOSZ 005
_aKOSZ 005
_dKOSZ 005/HR
046 _k1971
080 _a69:005
080 _a004
080 _a(06)
245 0 _aInformatyka w przemyśle budowlanym :
_bSympozjum krajów - członków RWPG : systemy, programy i środki organizacyjno-techniczne informatyki w planowaniu i zarządzaniu budownictwem i przemysłem materiałów budowlanych.
_nCz.2,
_pMateriały posympozjalne, Warszawa, marzec 1971 r.
260 _aWarszawa :
_bCentralny Ośrodek Budownictwa ;
_c1971.
300 _a101, 2 strony ;
_c23 cm.
336 _2rdacontent
_aTekst
_btxt
337 _2rdamedia
_aBez urządzenia pośredniczącego
_bn
338 _2rdacarier
_aWolumin
_bnc
380 _aKsiążki
388 _a1901-2000
388 _a1945-1989
650 4 _aBudownictwo
650 4 _aZarządzanie
650 4 _aPrzemysł
650 4 _aSystemy informatyczne zarządzania
655 4 _aMateriały konferencyjne
658 _aInformatyka i technologie informacyjne
658 _aZarządzanie i marketing
856 _uhttp://koha.tu.koszalin.pl/cgi-bin/koha/opac-detail.pl?biblionumber=13731
_yKatalog online BPK
942 _cKS
_2UKD
999 _c13731
_d13731